H Ridder Haggard: A voice from the infinite (Record no. 33266)

MARC details
000 -LEADER
fixed length control field 00310nam a2200109Ia 4500
082 ## - DEWEY DECIMAL CLASSIFICATION NUMBER
Classification number 929 A/Z (HAG)
Item number ELL
100 ## - MAIN ENTRY--AUTHOR NAME
Personal name Peter Berresford
245 #0 - TITLE STATEMENT
Title H Ridder Haggard: A voice from the infinite
260 ## - PUBLICATION, DISTRIBUTION, ETC. (IMPRINT)
Place of publication London
Name of publisher Routledge and Kegan paul
Year of publication 1978
942 ## - ADDED ENTRY ELEMENTS (KOHA)
Koha item type Books
Holdings
Withdrawn status Lost status Damaged status Not for loan Home library Current library Date acquired Cost, normal purchase price Full call number Accession Number Koha item type
        RRII Library RRII Library 16/12/2021 7.95 929 A/Z (HAG) ELL 13766 Books